01165nam a2200265 450000100060000000300080000600500170001400800390003103500190007004000320008904100080012108200290012924500730015826000400023130000290027150000870030050400390038765000400042665000430046671000540050994200120056399900170057595201540059295201530074633096BD-RjUL20211209051938.0140430s1974 ii b 001 0 eng a(BD-RjUL)33187 aDLCcDLCdDLCdBD-RjULbeng aeng00a301.072054bINS V-1 197402aA Survey of research in sociology and social anthropology.nVolume I aBombay :bPopular Prakashan,c1974. alxxvii, 479 p. ;c25 cm. a"A project sponsored by the Indian Council of Social Science Research, New Delhi." aIncludes bibliographies and index. 0aSociologyxResearchzIndia.9100558 0aAnthropologyxResearchzIndia.91005592 aIndian Council of Social Science Research.914710 2ddccBK c33096d33096 00102ddc40708NFICaRUCLbRUCLcStackd1979-03-05eIndia Int. Calcatag60.00l0o301.072054 INS V-1 1974r2014-04-30 00:00:00tC-3w2014-04-30yBK 00102ddc40708NFICaRUCLbRUCLcStackd1979-03-05eIndia Int., Cal.g150.00l0o301.072054 INS V-1 1974r2014-04-30 00:00:00tC-2w2014-04-30yBK